01126nam a2200277 i 4500001000300000003000400003005001700007008004100024015001800065020001800083040001400101080001200115080000900127245016800136246006300304246006300367260006200430300002800492500004800520650001200568655002900580710005400609700004400663700004300707856009800750bgBPK20210318151202.0080513s2008 pl a |100 0 pol  aPB 2008/16126 a9788360691311 aWA NcBPK a62-1/-8 a(06)00aProblemy rozwoju maszyn roboczych :bXXI konferencja naukowa, Zakopane 21-24.01.2008 /c[publ. zebr. i oprac. Tomasz Łagoda ; kom. red. Maksymilian Gajek et al.].3 aKonferencja naukowa Problemy rozwoju maszyn roboczych, 21.18aXXI konferencja naukowa Problemy rozwoju maszyn roboczych. aOpole :bPolitechnika Opolska. Oficyna Wydawnicza,c2008. a190 s. :bil. ;c24 cm. aNa okł. podtyt.: streszczenia referatów. 4aMaszyny 4aMateriały konferencyjne2 a Politechnika Opolska. bOficyna Wydawnicza4pbl.1 aŁagoda, Tadeuszd(1965- )eOpracowanie1 aGajek, Maksymiliand(1944- )eRedakcja uhttp://koha.tu.koszalin.pl/cgi-bin/koha/opac-detail.pl?biblionumber=55341yKatalog online BPK